| 000 | 00734npm a2200229 4500 | ||
|---|---|---|---|
| 001 | 5131 | ||
| 003 | ES-MaACL | ||
| 005 | 20230908151941.0 | ||
| 007 | hzrazu bucu | ||
| 008 | 891031r19891901sp a a 00010 spa d | ||
| 080 | _a8(05)(464.1) | ||
| 080 | _a86(05)(464.1) | ||
| 080 | _a05(46) | ||
| 245 | 0 | 3 |
_aLa Patria de Cervantes _b: [Microforma]. |
| 260 |
_aMadrid : _bAteneo Cientifico, Literario y Artistico, _c1989. |
||
| 300 |
_a1 carrete de microfilme : _bnegativo, il. ; _c16 mm. |
||
| 500 | _aPublicado originalmente: Madrid, Bailly-Bailliere, 1901-1902, periodicidad mensual. | ||
| 505 | 8 | _aCarrete n. 1: 1901 y 1902 | |
| 852 |
_aES-MaACL _jMC-1 _95248 _cDEPO1 |
||
| 942 |
_2udc _cMICROFORMA |
||
| 999 |
_c5131 _d5131 |
||